000 00786nam a2200229Ia 4500
003 OSt
005 20250819164848.0
008 210210b2000 xxu||||| |||| 00| 0 eng d
040 _cAL
041 _aKannada
082 _aK894.30872 WILP
100 _aWILDER (Laura Ingalls)
_dವೈಲ್ಡರ್ (ಲಾರಾ ಇಂಗಲ್ಸ್)
_9236544
245 _aPlam nadiya tiradalli Bhaga 4
_bಪ್ಲಮ್ ನದಿಯ ತೀರದಲ್ಲಿ ಭಾಗ ೪
260 _aMaisuru
_bPustaka Prakashana
_c2000
300 _aiv,192
440 _a4
_9236548
650 _aLaura Ingalls Wilder avara kategalu
_9236545
690 _aKannada Fiction
_9236546
700 _aS Anantha Narayan
_dಎಸ್‌ ಅನಂತನಾರಾಯಣ
_9236547
906 _aSG03445
942 _2ddc
_cSG
999 _c114383
_d114383